000 01292nam a2200229Ia 4500
001 L235-8981
003 IT-CnALBA
008 170116s9999||||xx |||||||||||||| ||und||
040 _aIT-CnALBA
_cIT-CnALBA
041 _aLATINO - MULTILINGUE
100 _aROMANA
245 0 _aBEATIFICATIONIS ET CANONIZATIONIS SERVAE DEI URSULAE LEDOCHOWSHA. POSITIO SUPER CAUSAE INTRODUCTIONE. 1865-1939.
250 _a1a ed.
260 _a ROMA
_bGUERRA GUERRIERO TIPOG. PERUGIA
_c1981 [1° Ed.:1981 - Ed.Ling.Originale: 1981]
300 _a785 p.
500 _aTAVOLA INDICE DEI TESTIMONI. DEPOSIZIONI DEI TESTI. DOCUMENTI. LETTERA POSTULATORIA. GLI SCRITTI. GIUDIZIO DI 4 TEOLOGI CENSORI. DECRETO SULLA REVISIONE DEGLI SCRITTI. FONDATRICE DELLE SUORE ORSOLINE DEL SACRO CUORE DI GESÙ AGONIZZANTE. 1865 1939. BEATIFI
501 _aSocietà San Paolo EM - Piazza San Paolo, 14 - 12051 ALBA (CN) (non commercial uses only) ® Copyright 2017
520 _aTAVOLA INDICE DEI TESTIMONI. DEPOSIZIONI DEI TESTI. DOCUMENTI. LETTERA POSTULATORIA. GLI SCRITTI. GIUDIZIO DI 4 TEOLOGI CENSORI. DECRETO SULLA REVISIONE DEGLI SCRITTI. FONDATRICE DELLE SUORE ORSOLINE DEL SACRO CUORE DI GESÙ AGONIZZANTE. 1865 1939. BEATIFI
650 _aMARIA SS. ANGELI SANTI DEMONI
942 _cBK
957 _71
999 _a9957
_bNO
_g Copie: 1
_c268157
_d268157